000 01016nam a2200205Ia 4500
003 OSt
005 20241120161134.0
007 ca aa aaaaa
008 201103s9999 xx 000 0 und d
040 _cSSBUL
041 _abur
082 _223
_a၂၉၄.၃၈၂၂ ရ
_b၉၃၇၄(၁) S-SAT
245 0 0 _aရဟန်းကျင့်ဖွယ်၂၂၇သွယ်သိက္ခာပုဒ်များ /
_cလာအိုနိုင်ငံဆိုင်ရာမြန်မာသံရုံး။
260 _aဗီယန်ရှင်း ၊
_bလာအိုနိုင်ငံဆိုင်ရာမြန်မာသံရုံး၊
_c၁၉၉၉။
300 _a၁၁၅ စာမျက်နှာ ၊
_c၁၅ စင်တီ။
500 _a မြန်မာ-လာအို-အင်္ဂလိပ်(၃)ဘာသာဖြင့်ရေးသားထားသည်။
500 _aS-SAT: Dr. Sai Aung Tun
650 _aဝိနည်း
942 _2ddc
_cBK1
999 _c16883
_d16883